Autoridad y libertad en la Iglesia / (Record no. 46470)

MARC details
000 -LEADER
campo de control de longitud fija 00923nam a2200253 i 4500
001 - NÚMERO DE CONTROL
campo de control 46470
003 - IDENTIFICADOR DE NÚMERO DE CONTROL
campo de control ES-MaACL
005 - FECHA Y HORA DE LA ÚLTIMA TRANSACCIÓN
campo de control 20251003063056.0
007 - CAMPO FIJO DE DESCRIPCIÓN FÍSICA--INFORMACIÓN GENERAL
campo de control de longitud fija t|
008 - DATOS DE LONGITUD FIJA--INFORMACIÓN GENERAL
campo de control de longitud fija 030331s1971 sp ||||1| spa d
100 1# - ENTRADA PRINCIPAL--NOMBRE DE PERSONA
Nombre de persona Congar, Yves,
Fechas asociadas al nombre 1904-1995
9 (RLIN) 40170
245 10 - MENCIÓN DEL TÍTULO
Título Autoridad y libertad en la Iglesia /
Mención de responsabilidad, etc. Yves Congar, René Voillaume, Jacques Loew ; [versión de Isidro Larrauri].
260 ## - PUBLICACIÓN, DISTRIBUCIÓN, ETC.
Lugar de publicación, distribución, etc. [Bilbao] :
Nombre del editor, distribuidor, etc. Desclée de Brouwer,
Fecha de publicación, distribución, etc. [1971]
300 ## - DESCRIPCIÓN FÍSICA
Extensión 74 p. ;
Dimensiones 18 cm.
490 1# - MENCIÓN DE SERIE
Mención de serie Colección "Pensamiento Cristiano y Diálogo" ;
Designación de volumen o secuencia 2
610 27 - PUNTO DE ACCESO ADICIONAL DE MATERIA--NOMBRE DE ENTIDAD CORPORATIVA
Nombre de entidad corporativa o nombre de jurisdicción como elemento de entrada Iglesia Católica-
Subdivisión general Magisterio
Fuente del encabezamiento o término
9 (RLIN) 157841
650 #4 - PUNTO DE ACCESO ADICIONAL DE MATERIA--TÉRMINO DE MATERIA
Término de materia o nombre geográfico como elemento de entrada Iglesia-
Subdivisión general Autoridad.
9 (RLIN) 137602
700 1# - ENTRADA AGREGADA--NOMBRE PERSONAL
Nombre de persona Voillaume, René,
Fechas asociadas al nombre 1905-2003
9 (RLIN) 115676
700 1# - ENTRADA AGREGADA--NOMBRE PERSONAL
Nombre de persona Loew, Jacques.
9 (RLIN) 73106
700 1# - ENTRADA AGREGADA--NOMBRE PERSONAL
Nombre de persona Larrauri, Isidro.
9 (RLIN) 70321
830 0# - PUNTO DE ACCESO ADICIONAL DE SERIE-TÍTULO UNIFORME
Título uniforme Colección pensamiento cristiano y diálogo
Designación de volumen o secuencia 2
9 (RLIN) 224908
852 ## - LOCALIZACIÓN
Ubicación ES-MaACL
Número de control de estantería C-50218
Sublocalización o colección R.77446
Holdings
Estatus retirado Estado de pérdida Estado de daño No para préstamo Biblioteca de origen Biblioteca actual Ubicación en estantería Fecha de adquisición Fuente de adquisición Total de préstamos Signatura topográfica completa Código de barras Visto por última vez Precio de reemplazo Tipo de ítem Koha
        Biblioteca del Ateneo de Madrid Biblioteca del Ateneo de Madrid Depósito 2 17/01/2008     C-50218 1048873 23/02/2023 23/02/2023 Libro impreso